<?xml version="1.0" encoding="UTF-8"?>
<collection xmlns="http://www.loc.gov/MARC21/slim">
    <record>
        <controlfield tag="001">85089</controlfield>
        <controlfield tag="005">20191118101512.0</controlfield>
        <datafield tag="037" ind1=" " ind2=" ">
            <subfield code="a">TAZ-TFG-2019-3291</subfield>
        </datafield>
        <datafield tag="041" ind1=" " ind2=" ">
            <subfield code="a">spa</subfield>
        </datafield>
        <datafield tag="100" ind1="1" ind2=" ">
            <subfield code="a">Plo Rodríguez, Iván</subfield>
        </datafield>
        <datafield tag="242" ind1="0" ind2="0">
            <subfield code="a">Quality characterization and functional properties of pomegranate cultivated in Los Monegros.</subfield>
        </datafield>
        <datafield tag="245" ind1="0" ind2="0">
            <subfield code="a">Caracterización de la calidad y de las propiedades funcionales de la granada cultivada en Los Monegros.</subfield>
        </datafield>
        <datafield tag="260" ind1=" " ind2=" ">
            <subfield code="a">Zaragoza</subfield>
            <subfield code="b">Universidad de Zaragoza</subfield>
            <subfield code="c">2019</subfield>
        </datafield>
        <datafield tag="506" ind1=" " ind2=" ">
            <subfield code="a">by-nc-sa</subfield>
            <subfield code="b">Creative Commons</subfield>
            <subfield code="c">3.0</subfield>
            <subfield code="u">http://creativecommons.org/licenses/by-nc-sa/3.0/</subfield>
        </datafield>
        <datafield tag="520" ind1=" " ind2=" ">
            <subfield code="a">En la última década han aumentado considerablemente los estudios científicos sobre la actividad antioxidante, constituyentes bioactivos y propiedades farmacológicas de la granada. Esto ha provocado un incremento de la producción y valor de mercado debido a la popularidad de sus características saludables y a la gran adaptación del cultivo a todo tipo de suelos y climas. Se trata de un cultivo tolerante a la sequía, a la salinidad, a la clorosis férrica y a la caliza activa; es decir, es capaz de vegetar en las peores condiciones de cultivo. En este trabajo se caracterizaron comercialmente dos variedades de granada (Punica granatum L.), shany y emek, producidas por primera vez en la zona de los Monegros, y se determinaron las actividades antioxidantes tanto de los arilos como de la piel. Paralelamente, se ha investigado en la revalorización de residuos del procesado de la granada, realizando una extracción de los compuestos antioxidantes de la piel y validando su uso como antimicrobianos y antifúngicos. Tras la realización de este trabajo, se puede afirmar que los extractos de la piel de las variedades shany y emek presentan actividad antimicrobiana frente a Listeria monocytogenes, Cronobacter sakazaki, Shigella flexneri, Staphylococcus aureus, Bacillus cereus, Pseudomona aeruginosa, Yersinia enterocolitica y Candida santamariae.&lt;br />&lt;br /></subfield>
        </datafield>
        <datafield tag="521" ind1=" " ind2=" ">
            <subfield code="a">Graduado en Ciencia y Tecnología de los Alimentos</subfield>
        </datafield>
        <datafield tag="540" ind1=" " ind2=" ">
            <subfield code="a">Derechos regulados por licencia Creative Commons</subfield>
        </datafield>
        <datafield tag="700" ind1=" " ind2=" ">
            <subfield code="a">Oria Almudí, Rosa</subfield>
            <subfield code="e">dir.</subfield>
        </datafield>
        <datafield tag="700" ind1=" " ind2=" ">
            <subfield code="a">Remón Oliver, Sara</subfield>
            <subfield code="e">dir.</subfield>
        </datafield>
        <datafield tag="710" ind1="2" ind2=" ">
            <subfield code="a">Universidad de Zaragoza</subfield>
            <subfield code="b">Producción Animal y Ciencia de los Alimentos</subfield>
            <subfield code="c">Tecnología de Alimentos</subfield>
        </datafield>
        <datafield tag="856" ind1="0" ind2=" ">
            <subfield code="f">720207@celes.unizar.es</subfield>
        </datafield>
        <datafield tag="856" ind1="4" ind2=" ">
            <subfield code="s">1044806</subfield>
            <subfield code="u">http://zaguan.unizar.es/record/85089/files/TAZ-TFG-2019-3291.pdf</subfield>
            <subfield code="y">Memoria (spa)</subfield>
        </datafield>
        <datafield tag="909" ind1="C" ind2="O">
            <subfield code="o">oai:zaguan.unizar.es:85089</subfield>
            <subfield code="p">driver</subfield>
            <subfield code="p">trabajos-fin-grado</subfield>
        </datafield>
        <datafield tag="950" ind1=" " ind2=" ">
            <subfield code="a"></subfield>
        </datafield>
        <datafield tag="951" ind1=" " ind2=" ">
            <subfield code="a">deposita:2019-11-18</subfield>
        </datafield>
        <datafield tag="980" ind1=" " ind2=" ">
            <subfield code="a">TAZ</subfield>
            <subfield code="b">TFG</subfield>
            <subfield code="c">VET</subfield>
        </datafield>
        <datafield tag="999" ind1=" " ind2=" ">
            <subfield code="a">20190916112553.CREATION_DATE</subfield>
        </datafield>
    </record>

    
</collection>